Normal view MARC view

Entry Personal Name

Number of records used in: 1

001 - CONTROL NUMBER

  • control field: 5215

003 - CONTROL NUMBER IDENTIFIER

  • control field: TR-AnCHP

005 - DATE AND TIME OF LATEST TRANSACTION

  • control field: 20190220104803.0

008 - FIXED-LENGTH DATA ELEMENTS

  • fixed length control field: 190220|| aca||aabn | a|a d

040 ## - CATALOGING SOURCE

  • Original cataloging agency: TR-AnCHP

100 ## - HEADING--PERSONAL NAME

  • Personal name: Sarıhan, Şenal
  • Titles and other words associated with a name: CHP 27. dönem milletvekili
  • Dates associated with a name: 1948-